000
00348nam a2200157Ia 4500
100
_a
Tejwani/V.K
490
_v
2
942
_c
BK
654
_a
Basic Machine Shop Practice
245
_a
Basic Machine Shop Practice
260
_b
Tata McGraw Hill
_a
New Delhi
_c
2000
082
_a
621.9
_b
TEJ
300
_a
254
546
_a
ENGLISH
999
_c
29657
_d
29657